| 000 | 00846nam a2200289 a 4500 | ||
|---|---|---|---|
| 001 | 21375 | ||
| 003 | VRT | ||
| 005 | 20260228112235.0 | ||
| 008 | 960730s1969 xo g 000 1 slo c | ||
| 035 | _aUKB000206209 | ||
| 039 | 9 |
_a201508030943 _bgluc |
|
| 040 |
_aBAA001 _bslo _cBAA001 _eAACR2 |
||
| 041 | 1 |
_aslo _heng |
|
| 044 |
_axo _cSK |
||
| 100 | 1 |
_aWallace, Lewis, _d1827-1905 |
|
| 245 | 1 | 0 |
_aBen Hur _cLewis Wallace ; z angl. orig. prel. Adolf Filo |
| 260 |
_aBratislava _bTatran _c1969 |
||
| 300 | _a422 s. | ||
| 490 | 1 |
_aMeteor _vzv. 18 |
|
| 700 | 1 |
_aFilo, Adolf _4trl |
|
| 830 | 0 |
_aMeteor _vzv. 18 |
|
| 910 | _aukb | ||
| 942 |
_2ddc _cKLDO _n0 |
||
| 949 |
_6206209-20 _a22.D.53322 _bPV.7315-69 _oČitateľská strata č. 194-1986 _s6705:20060809 |
||
| 949 |
_6206209-30 _aS.D.43042 _bPV.7316-69 |
||
| 949 |
_61800174964 _a22.D.53322 _bNA.4-87 |
||
| 999 |
_c21375 _d21375 |
||